General Knowledge for Grade 5-8 - Statistics

General Stats
  • This quiz has been taken 16 times
  • The average score is 4 of 10
Answer Stats
Question Answer % Correct
What equipment do you use to play badminton? shuttlecock and rackets
86%
What is 6*600+67? 3667
79%
Where do we live? Canada
50%
Who is the basketball goat? mj
43%
Who is the star player of the blue jays? Vladimir Guerrero Jr.
43%
Do you know what an opinion is? no
29%
Who is Ronaldo Nazario? soccer player
29%
Did you like this quiz? yes
29%
What is 1+1+67�10+what you got? 256
14%
Who is the soccer goat? pele
14%
No matching quizzes found
Score Distribution
Percent of People with Each Score
Percentile by Number Answered
Your Score History
You have not taken this quiz